Normal view
MARC view
- ASC SABA KALSOOM
Entry Personal Name
001 - CONTROL NUMBER
- control field: 73054
003 - CONTROL NUMBER IDENTIFIER
- control field: NUST
005 - DATE AND TIME OF LATEST TRANSACTION
- control field: 20210628204948.0
008 - FIXED-LENGTH DATA ELEMENTS
- fixed length control field: 210628|| aca||aabn | a|a d
040 ## - CATALOGING SOURCE
- Original cataloging agency: NUST
- Transcribing agency: NUST
100 ## - HEADING--PERSONAL NAME
- Personal name: ASC SABA KALSOOM
670 ## - SOURCE DATA FOUND
- Source citation: Work cat.: (NUST): ASC SABA KALSOOM, PR-SOF-1919-Development of a Flexible Wearable Sensor, 2020
